| 000 | 00532nam a2200133Ia 4500 | ||
|---|---|---|---|
| 008 | 171212s9999 xx 000 0 und d | ||
| 020 | _a9780833058508 | ||
| 100 | _aJohnson, David E. | ||
| 245 |
_cJohnson, David E. _aHard Fighting _bIsrael in Lebanon and Gaza |
||
| 260 |
_bRAND Corporation _c2011 |
||
| 650 | _aHistory | ||
| 650 | _aIsrael. Tseva haganah le-Yisra’el; Asymmetric warfare -- Case studies; Lebanon War, 2006; Gaza War, 2008-2009; United States -- Military policy | ||
| 856 | _uwww.jstor.org/stable/10.7249/mg1085a-af | ||
| 999 |
_c352128 _d352128 |
||